LEADER 00644nam a2200169 u 4500 001 991004254938007536 005 20221031120439.0 008 221031s2022 xx r 000 0 eng d 040 $aBibl. Dip.le Aggr. Studi Umanistici - Sez. Filologia Classica$bita 100 1 $aAristophanes$0602827 245 14$aLes cavaliers :$bcomédie d 'Aristophanes, iouee à Athenes, sous l'archontat de Stratocles, aux Leneennes (fevrier) de 424 /$cTraduction de Alphonse Willems 260 $aBruxelles :$bWeisenbruch,$c1912 300 $a80 p. ;$c25 cm. 700 1 $aWillems, Alphonse 912 $a991004254938007536 996 $aCavaliers$93376731 997 $aUNISALENTO